000
00320nam a2200121 4500
008
230703b xxu||||| |||| 00| 0 eng d
020
_a
9966948570
082
_a
339.1
_b
KAR
100
_c
David K. kariuki
245
_a
Revamping the Pyrethrum Sub-sector in kenya through value Addition
300
_a
39p
942
_2
ddc
_c
BK
999
_c
3510
_d
3510